Microsoft Windows Communication Foundation step by step / (رقم التسجيلة. 180140)
[ عرض عادي ]
| 000 -LEADER | |
|---|---|
| fixed length control field | 01576camaa22004091i 4500 |
| 001 - CONTROL NUMBER | |
| control field | 14656366 |
| 003 - CONTROL NUMBER IDENTIFIER | |
| control field | EG-GICUC |
| 005 - DATE AND TIME OF LATEST TRANSACTION | |
| control field | 20260514111258.0 |
| 008 - FIXED-LENGTH DATA ELEMENTS--GENERAL INFORMATION | |
| fixed length control field | 061205s2007 waua jr 001 0 eng d |
| 010 ## - LIBRARY OF CONGRESS CONTROL NUMBER | |
| LC control number | 2006939802 |
| 020 ## - INTERNATIONAL STANDARD BOOK NUMBER | |
| International Standard Book Number | 9780735623361 |
| 020 ## - INTERNATIONAL STANDARD BOOK NUMBER | |
| International Standard Book Number | 0735623368 |
| 040 ## - CATALOGING SOURCE | |
| Original cataloging agency | BVA |
| Transcribing agency | BVA |
| Modifying agency | DLC |
| Language of cataloging | eng |
| Description conventions | rda |
| 082 00 - DEWEY DECIMAL CLASSIFICATION NUMBER | |
| Classification number | 005.276 |
| Edition number | 21 |
| Item number | Sh238 |
| 092 04 - LOCALLY ASSIGNED DEWEY CALL NUMBER (OCLC) | |
| Edition number | 21 |
| Classification number | 005.276 |
| Item number | Sh238 |
| 099 ## - LOCAL FREE-TEXT CALL NUMBER (OCLC) | |
| Classification number | 005.276 Sh238 |
| 100 1# - MAIN ENTRY--PERSONAL NAME | |
| Personal name | Sharp, John, |
| Dates associated with a name | 1964- |
| Relator term | Author. |
| 245 10 - TITLE STATEMENT | |
| Title | Microsoft Windows Communication Foundation step by step / |
| Statement of responsibility, etc. | John Sharp. |
| 264 ## - PRODUCTION, PUBLICATION, DISTRIBUTION, MANUFACTURE, AND COPYRIGHT NOTICE | |
| Place of production, publication, distribution, manufacture | Redmond, Wash. : |
| Name of producer, publisher, distributor, manufacturer | Microsoft Press, |
| Date of production, publication, distribution, manufacture, or copyright notice | c2007. |
| 300 ## - PHYSICAL DESCRIPTION | |
| Extent | xxvi, 415 pages : |
| Other physical details | illustration ; |
| Dimensions | 23 cm. + |
| Accompanying material | 1 CD-ROM (4 3/4 in.) |
| 336 ## - CONTENT TYPE | |
| Content type term | text |
| Content type code | txt |
| Source | rdacontent |
| 337 ## - MEDIA TYPE | |
| Media type term | unmediated |
| Media type code | n |
| Source | rdamedia |
| 338 ## - CARRIER TYPE | |
| Carrier type term | volume |
| Carrier type code | nc |
| Source | rdacarrier |
| 500 ## - GENERAL NOTE | |
| General note | Includes index. |
| 504 ## - BIBLIOGRAPHY, ETC. NOTE | |
| Bibliography, etc. note | Bibliography: pages 403-415. |
| 541 ## - IMMEDIATE SOURCE OF ACQUISITION NOTE | |
| Source of acquisition | وزارة الثقافة ؛ |
| Address | القاهرة ؛ |
| Method of acquisition | إهداء ؛ |
| Date of acquisition | 2023. |
| 630 00 - SUBJECT ADDED ENTRY--UNIFORM TITLE | |
| Uniform title | Microsoft Windows (Computer file) |
| 650 #0 - SUBJECT ADDED ENTRY--TOPICAL TERM | |
| Topical term or geographic name entry element | Application software |
| General subdivision | Development. |
| 650 #0 - SUBJECT ADDED ENTRY--TOPICAL TERM | |
| Topical term or geographic name entry element | Web services. |
| 650 #0 - SUBJECT ADDED ENTRY--TOPICAL TERM | |
| Topical term or geographic name entry element | Electronic data processing |
| General subdivision | Distributed processing. |
| 650 #0 - SUBJECT ADDED ENTRY--TOPICAL TERM | |
| Topical term or geographic name entry element | Internet programming. |
| 856 42 - ELECTRONIC LOCATION AND ACCESS | |
| Materials specified | Publisher description |
| Uniform Resource Identifier | <a href="http://www.loc.gov/catdir/enhancements/fy1004/2006939802-d.html">http://www.loc.gov/catdir/enhancements/fy1004/2006939802-d.html</a> |
| 856 41 - ELECTRONIC LOCATION AND ACCESS | |
| Materials specified | Table of contents only |
| Uniform Resource Identifier | <a href="http://www.loc.gov/catdir/enhancements/fy1009/2006939802-t.html">http://www.loc.gov/catdir/enhancements/fy1009/2006939802-t.html</a> |
| 856 42 - ELECTRONIC LOCATION AND ACCESS | |
| Materials specified | Contributor biographical information |
| Uniform Resource Identifier | <a href="http://www.loc.gov/catdir/enhancements/fy1105/2006939802-b.html">http://www.loc.gov/catdir/enhancements/fy1105/2006939802-b.html</a> |
| 905 ## - Cataloger and Reviser Names | |
| Cataloger Name | Samah |
| 942 ## - ADDED ENTRY ELEMENTS (KOHA) | |
| Source of classification or shelving scheme | Dewey Decimal Classification |
| Koha item type | Books |
| Edition | 21 |
| Suppress in OPAC | No |
| Withdrawn status | Lost status | Source of classification or shelving scheme | Damaged status | Not for loan | Home library | Current library | Date acquired | Inventory number | Total checkouts | Full call number | Barcode | Date last seen | Price effective from | Koha item type |
|---|---|---|---|---|---|---|---|---|---|---|---|---|---|---|
| Dewey Decimal Classification | Not for loan | مكتبة جامعة القاهرة الاهلية | قاعة الهندسة | 14.05.2026 | 20 | 005.276 Sh238 | 02010002000000 | 14.05.2026 | 14.05.2026 | Books |